000 00601nam a22002417a 4500
003 UA-OsUOA
001 92976
007 ta
008 20130110b un ||||| |||| 00| 0 ukr d
100 _aБерезиков Є.
090 _a821.161.1
_bБ48
942 _cBK
040 _aUA-OsUOA
_bukr
_cUA-OsUOA
_dUA-OsUOA
245 _aЧервона Бухара
300 _a479 с.
955 _a3
041 _aukr
080 _a821.161.1
260 _aК.
_bДніпро
_c1991
044 _aUA
650 7 _a82 Література. Літературознавство
_2UDC
999 _c378915
_d378915